[Event "IX EICC"]
[Site "Plovdiv BUL"]
[Date "2008.04.30"]
[Round "9"]
[White "Nikolic,Pr"]
[Black "Pavasovic,D"]
[Result "0-1"]
[WhiteElo "2674"]
[BlackElo "2595"]

1.d4 d5 2.c4 e6 3.Nf3 Nf6 4.Bg5 dxc4 5.Nc3 c6 6.e4 b5 7.e5 h6 8.Bh4 g5 9.Nxg5 hxg5
10.Bxg5 Nbd7 11.g3 Rg8 12.h4 Rxg5 13.hxg5 Nd5 14.g6 fxg6 15.Qg4 Qe7 16.Bg2 Kd8
17.Bxd5 cxd5 18.Qxg6 Bg7 19.Nxb5 Qb4+ 20.Nc3 Qxb2 21.Qg5+ Kc7 22.Rc1 Bf8
23.O-O Nb6 24.Qg6 Bd7 25.Rc2 Qa3 26.Kg2 Bb4 27.Nb1 Qa4 28.a3 Ba5 29.Rfc1 Kb7
30.Qh7 Rc8 31.Nc3 Qb3 32.g4 Rc7 33.g5 Be8 34.Qh6 Qxa3 35.Qxe6 Qf8 36.Rh1 Rg7
37.Qg4 Bg6 38.Rcc1 Bf5 39.Qg3 Qg8 40.f4 Bxc3 41.Qxc3 Be4+ 42.Kf2 Bxh1 43.Rxh1 Rh7
44.Rxh7+ Qxh7 45.Kg3 Qf5 46.Qa3 a5 47.Qe7+ Ka6 48.e6 c3 49.Qc5 Qxe6 50.Qxc3 Nc4
51.Qd3 a4 52.g6 a3 53.Qc2 Qe1+ 54.Kh3 Qf1+ 55.Kg3 Qg1+ 56.Kh4 Qxd4 57.Qa4+ Kb6
58.Qb4+ Kc6 59.Qb8 Qf2+ 60.Kg5 Qg2+ 61.Kh6 a2 62.Qa8+ Kc5 63.Qa7+ Kb4 64.g7 Qh1+
65.Kg6 a1=Q 66.Qb8+ Kc3 67.g8=Q Qag1+ 68.Kf7 Qh5+ 69.Ke6 Qh6+ 70.Kd7 Qxg8
71.Qxg8 Qxf4  0-1

[Event "IX EICC"]
[Site "Plovdiv BUL"]
[Date "2008.05.01"]
[Round "10"]
[White "Nikolic,Pr"]
[Black "Swiercz,D"]
[Result "1/2-1/2"]
[WhiteElo "2674"]
[BlackElo "2413"]

1.d4 f5 2.g3 Nf6 3.Bg2 g6 4.Nf3 Bg7 5.O-O O-O 6.c4 d6 7.d5 c5 8.Nc3 Na6 9.Re1 Nc7
10.a4 b6 11.e4 fxe4 12.Ng5 Bf5 13.h3 a6 14.g4 Bd7 15.Ncxe4 Nxe4 16.Bxe4 b5
17.Qc2 bxc4 18.Bd2 Rb8 19.Bc3 Bxc3 20.bxc3 e5 21.dxe6 Qxg5 22.exd7 d5 23.Bg2 Rbd8
24.Rab1 Rxd7 25.Rb6 Re7 26.Rxe7 Qxe7 27.Qd2 Qe5 28.Rc6 d4 29.cxd4 cxd4 30.Qa2 Nd5
31.Qxc4 Qe1+ 32.Kh2 Qe5+ 33.f4 Qxf4+ 34.Kh1 Kh8 35.Rc8 Ne7 36.Rxf8+ Qxf8
37.Qxd4+ Qg7 38.Qd6 Qa1+ 39.Kh2 Ng8 40.Qxa6 Qe5+ 41.Kh1 Qa1+ 42.Bf1 Nf6 43.Qa8+ Kg7
44.Qa7+ Kh6 45.Kg1 Qe5 46.Qf2 Kg7 47.Bb5 h5 48.gxh5 Nxh5 49.Qf3 Qd4+ 50.Kf1 Nf4
51.Ke1 Nd5 52.Qd3 Qg1+ 53.Kd2 Qg5+ 54.Ke1 Qg1+ 55.Qf1 Qe3+ 56.Qe2 Qc1+ 57.Kf2 Qf4+
58.Qf3 Qd4+ 59.Ke1 Qa1+ 60.Kf2 Qd4+ 61.Kf1 Nc3 62.Qb7+ Kh6 63.Qd7 Qf4+ 64.Kg2 Qe4+
65.Kf2 Qf4+ 66.Kg2 Qe4+ 67.Kf2  1/2-1/2

[Event "IX EICC"]
[Site "Plovdiv BUL"]
[Date "2008.05.02"]
[Round "11"]
[White "Svetushkin,D"]
[Black "Nikolic,Pr"]
[Result "0-1"]
[WhiteElo "2568"]
[BlackElo "2674"]

1.e4 e5 2.Nf3 Nc6 3.Bb5 a6 4.Ba4 Nf6 5.O-O Be7 6.d3 b5 7.Bb3 d6 8.a4 Bg4
9.c3 O-O 10.h3 Bxf3 11.Qxf3 Na5 12.Bc2 c5 13.Nd2 Nd7 14.Nb3 Nc6 15.Qe2 Nb6
16.a5 Nd7 17.g3 Re8 18.f4 exf4 19.gxf4 Bf8 20.Kh2 d5 21.e5 d4 22.cxd4 cxd4
23.Nd2 Nb4 24.Ne4 Nxc2 25.Qxc2 Rc8 26.Qb3 Qc7 27.Rf2 Nc5 28.Nxc5 Qxc5 29.Bd2 Qc2
30.Qxc2 Rxc2 31.Be1 Rec8 32.Kg3 f5 33.exf6 gxf6 34.Rxc2 Rxc2 35.f5 Kf7 36.Bf2 Bd6+
37.Kf3 Rc5 38.Bxd4 Rxf5+ 39.Ke2 Ke6 40.Rc1 Kd7 41.Rg1 Rg5 42.Rxg5 fxg5 43.Kf3 h5
44.Be3 Be7 45.Ke4 Ke6 46.d4 g4 47.hxg4 hxg4 48.d5+ Kd7 49.Bf2 Bd6 50.Be1 Ke7
51.Bc3 Kf7 52.Bd4 Kg6 53.b3 g3 54.Kf3 Kg5 55.Bc3 Kh4 56.Kg2 Kg4 57.Be1 Kf5
58.Bxg3 Bxg3 59.Kxg3 Ke5 60.Kf3 Kxd5 61.Ke3 Kc5 62.Kd3 Kb4 63.Kc2 Ka3 64.Kc3 Ka2
65.Kb4 Kb2 66.Kc5 Kxb3 67.Kb6 b4 68.Kxa6 Kc4 69.Kb7 b3 70.a6 b2 71.a7 b1=Q+
72.Kc8 Qe4 73.Kb8 Qe8+  0-1

[Event "17th CRO-chT 1a"]
[Site "Sibenik CRO"]
[Date "2008.09.01"]
[Round "5"]
[White "Nikolic,Pr"]
[Black "Almasi,Z"]
[Result "1/2-1/2"]
[WhiteElo "2669"]
[BlackElo "2668"]

1.d4 Nf6 2.c4 e6 3.Nf3 b6 4.g3 Ba6 5.Qa4 c5 6.Bg2 Bb7 7.O-O cxd4 8.Nxd4 Bxg2
9.Kxg2 Qc8 10.Nc3 Be7 11.Rd1 O-O 12.Bg5 h6 13.Bxf6 Bxf6 14.Ne4 Be7 15.Rac1 Qb7
16.f3 a6 17.a3 Rc8 18.b4 Nc6 19.Nxc6 Rxc6 20.Qb3 Rac8 21.Rc3 f5 22.b5 axb5
23.cxb5 Rxc3 24.Nxc3 Qc7 25.Na4 d5 26.Qe3 Kf7 27.Rd3 Qc2 28.Nc3 Bf6 29.Nd1 d4
30.Qd2 Qb1 31.Qb4 Qxb4 32.axb4 Rc2 33.Kf1 Rc1 34.e3 dxe3 35.Ke2 Be7 36.Rc3 Rb1
37.Rc6 Rxb4 38.Rxb6 Bc5 39.Rb7+ Kf6 40.Nxe3 Rb2+ 41.Kd3 Bxe3 42.Kxe3 Rxh2
43.b6 Rb2 44.Rb8 e5 45.b7 Rb3+ 46.Kf2 Kf7 47.Ke2 Rb4 48.Kf2 Rb2+ 49.Kf1 e4
50.fxe4 fxe4 51.Kg1 h5 52.Kf1 Kg6 53.Re8 Rxb7 54.Rxe4 Rb2 55.Re5 Kh6 56.Kg1 g6
57.Rc5 Kg7 58.Rc6 Kf7 59.Kf1 Rd2 60.Rb6 Kg7 61.Rc6  1/2-1/2

[Event "17th CRO-chT 1a"]
[Site "Sibenik CRO"]
[Date "2008.09.02"]
[Round "6"]
[White "Brkic,A"]
[Black "Nikolic,Pr"]
[Result "1-0"]
[WhiteElo "2530"]
[BlackElo "2669"]

1.e4 e6 2.d4 d5 3.Nc3 Bb4 4.e5 c5 5.a3 Bxc3+ 6.bxc3 Qc7 7.Qg4 f5 8.Qg3 cxd4
9.cxd4 Ne7 10.Bd2 O-O 11.Bd3 b6 12.Ne2 Ba6 13.Nf4 Qd7 14.Bb4 Bxd3 15.Nh5 Ng6
16.Bxf8 Ba6 17.Bxg7 Qb5 18.O-O-O Nc6 19.Qh3 Qa4 20.Qb3 Qa5 21.Bh6 Be2 22.Nf6+ Kf7
23.Nxh7 Bxd1 24.Rxd1 Rh8 25.Bd2 Qa6 26.Ng5+ Ke7 27.a4 Rxh2 28.Qa3+ Ke8 29.Nxe6 Rh7
30.Kb1 Qc8 31.Qd6 Qd7 32.Nc7+ Kd8 33.Qxg6 Kxc7 34.e6 Rg7 35.Qxf5 Qd8 36.Re1 Kb7
37.g4 Ne7 38.Qf6 Rh7 39.Bb4 Qe8 40.Bxe7 Qxa4 41.Bd6 Qb5+ 42.Kc1 Qa5 43.Kd1  1-0

[Event "17th CRO-chT 1a"]
[Site "Sibenik CRO"]
[Date "2008.09.03"]
[Round "7"]
[White "Nikolic,Pr"]
[Black "Sokolov,Iv NED"]
[Result "1/2-1/2"]
[WhiteElo "2669"]
[BlackElo "2658"]

1.d4 d5 2.c4 c6 3.Nf3 Nf6 4.Nc3 dxc4 5.a4 Bf5 6.e3 e6 7.Bxc4 Bb4 8.O-O Nbd7
9.Ne1 O-O 10.Bd3 a5 11.Bxf5 exf5 12.Nd3  1/2-1/2

[Event "17th CRO-chT 1a"]
[Site "Sibenik CRO"]
[Date "2008.09.04"]
[Round "8"]
[White "Sasikiran,K"]
[Black "Nikolic,Pr"]
[Result "1/2-1/2"]
[WhiteElo "2684"]
[BlackElo "2669"]

1.d4 f5 2.g3 Nf6 3.Bg2 e6 4.c4 c6 5.Qc2 d5 6.Nd2 Bd6 7.Nh3 O-O 8.O-O Bd7
9.Nf3 Be8 10.Bf4 Bh5 11.Qb3 Bxf3 12.exf3 b6 13.Rfe1 Re8 14.Rac1 h6 15.Bf1 g5
16.Bd2 a5 17.c5 a4 18.Qb4 Bf8 19.Qxb6 Qxb6 20.cxb6 Nfd7 21.Bd3 Kf7 22.Re2 Bd6
23.a3 Re7 24.Kg2 c5 25.dxc5 Nxc5 26.Bc2 Nc6 27.Ree1 Rb7 28.Red1 Rxb6 29.Be3 Rb5
30.f4 g4 31.Ng1 Be7 32.Ne2 Rxb2 33.Bxc5 Bxc5 34.Bxf5 Bxa3 35.Bxg4 Rb6 36.Rc2 Bb2
37.f5 exf5 38.Bf3 Ne7 39.Nf4 Ra7 40.Nxd5 Nxd5 41.Bxd5+ Kg7 42.Ba2 a3 43.Rd5 f4
44.gxf4 Bf6 45.Rdc5 Rb2 46.Kg3 Rab7 47.Bd5 Rxc2 48.Rxc2 Rb5 49.Rc7+ Kh8 50.Rc8+ Kg7
51.Rc7+ Kh8 52.Bf7 Bd4 53.Rd7 Bc5 54.f5 Rb2 55.Be6  1/2-1/2

[Event "17th CRO-chT 1a"]
[Site "Sibenik CRO"]
[Date "2008.09.28"]
[Round "2"]
[White "Ivanisevic,I"]
[Black "Nikolic,Pr"]
[Result "1-0"]
[WhiteElo "2664"]
[BlackElo "2669"]

1.d4 Nf6 2.c4 e6 3.Nc3 d5 4.Bg5 Be7 5.e3 h6 6.Bh4 O-O 7.Rc1 b6 8.cxd5 Nxd5
9.Nxd5 exd5 10.Bxe7 Qxe7 11.Be2 Be6 12.Bf3 a5 13.Ne2 Qb4+ 14.Qd2 c6 15.Nf4 Ra7
16.a3 Qxd2+ 17.Kxd2 g5 18.Nd3 Rc8 19.h4 Nd7 20.hxg5 hxg5 21.Rh5 f6 22.e4 Rac7
23.Rch1 Nf8 24.e5 Kg7 25.Bd1 Bf7 26.exf6+ Kxf6 27.Rh6+ Kg7 28.Ne5 Be6 29.R6h5 Kf6
30.Re1 Rh7 31.Rxh7 Nxh7 32.Ng4+ Kf7 33.Nh6+ Kf6 34.Rxe6+  1-0

[Event "17th CRO-chT 1a"]
[Site "Sibenik CRO"]
[Date "2008.09.29"]
[Round "3"]
[White "Nikolic,Pr"]
[Black "Malakhov,V"]
[Result "1/2-1/2"]
[WhiteElo "2669"]
[BlackElo "2689"]

1.d4 d5 2.c4 c6 3.Nc3 Nf6 4.e3 e6 5.Nf3 Nbd7 6.Be2 b6 7.O-O Bb7 8.b3 Be7
9.Bb2 O-O 10.Qc2 Qc7 11.Rac1 Rac8 12.Rfd1 Rfd8 13.Bd3 h6 14.h3 Qb8 15.Qe2 dxc4
16.Bxc4 b5 17.Bd3 b4 18.Na4 c5 19.Nxc5 Nxc5 20.dxc5 Rxc5 21.Rxc5 Bxc5 22.Bxf6 gxf6
23.Ne1 f5 24.Bc4 Rxd1 25.Qxd1 Qc7 26.Be2 Qd6 27.Nd3 Bb6 28.Qa1 Bc7 29.Nf4 e5
30.Nd3 Ba6 31.Nc1 Bb7 32.Nd3 a5 33.Qc1 Qc6 34.Qxc6 Bxc6 35.Kf1 Kf8 36.Ne1 Ke7
37.Bc4 Kf6 38.Ke2 Be4 39.Kd2 Bb6 40.f3 Bc6 41.Ke2 Ke7 42.f4 f6 43.g3 Kd6
44.Nf3 Be4 45.Nd2 Bg2 46.h4 Bh3 47.Kf2 Kc5 48.Be6 Bg4 49.Ne4+ fxe4 50.Bxg4 exf4
51.gxf4 Kd6 52.Ke2 Ba7 53.Bf5 Kd5 54.Bc8 Kc6 55.Bf5  1/2-1/2

[Event "38th Olympiad"]
[Site "Dresden GER"]
[Date "2008.11.15"]
[Round "3"]
[White "Nikolic,Pr"]
[Black "Bakr,J"]
[Result "1/2-1/2"]
[WhiteElo "2669"]
[BlackElo "2338"]

1.d4 Nf6 2.c4 g6 3.Nf3 Bg7 4.g3 O-O 5.Bg2 d6 6.O-O Nbd7 7.Nc3 e5 8.e4 exd4
9.Nxd4 Re8 10.Nde2 a5 11.Qc2 Nc5 12.Bd2 c6 13.Rad1 Qe7 14.Rfe1 Nfd7 15.b3 Ne5
16.Be3 Bg4 17.Rf1 Bf3 18.Bf4 Qf6 19.Bxf3 Nxf3+ 20.Kg2 Ne5 21.f3 g5 22.Bc1 Rad8
23.Nd4 Qg6 24.Nf5 g4 25.fxg4 Nxg4 26.Nxg7 Qxg7 27.Rf5 Re5 28.h3 Rxf5 29.exf5 Ne5
30.Ne4 Nxe4 31.Qxe4 f6 32.Rd4 Qc7 33.Be3 Qf7 34.Qc2 d5 35.Qd2 Rd7 36.c5 Re7
37.Bf2 Qe8 38.Qxa5 Nf7 39.h4 Re2 40.Rg4+ Kf8 41.Ra4 Rc2 42.Qa8 Ne5 43.Qxb7 Rxf2+
44.Kxf2 Nd3+ 45.Kf3 Ne1+ 46.Kf2 Nd3+ 47.Kf3  1/2-1/2

[Event "38th Olympiad"]
[Site "Dresden GER"]
[Date "2008.11.17"]
[Round "5"]
[White "Djukic,Ni"]
[Black "Nikolic,Pr"]
[Result "0-1"]
[WhiteElo "2519"]
[BlackElo "2669"]

1.e4 e6 2.d4 d5 3.Nc3 Bb4 4.e5 c5 5.a3 Bxc3+ 6.bxc3 Ne7 7.Qg4 Kf8 8.h4 Qc7
9.Qd1 b6 10.Nf3 Ba6 11.Bxa6 Nxa6 12.h5 h6 13.Qd3 Nb8 14.O-O Nbc6 15.Nh4 Rc8
16.f4 cxd4 17.cxd4 Nd8 18.Rf2 Qc3 19.Qxc3 Rxc3 20.Bb2 Rc6 21.g4 g6 22.hxg6 fxg6
23.a4 Ke8 24.Ba3 Rg8 25.Kf1 Rc4 26.Bb2 g5 27.Ng2 gxf4 28.Nxf4 Rxg4 29.Nh5 Ng8
30.c3 Rh4 31.Ng7+ Kd7 32.Kg1 Ne7 33.Rh2 Rxh2 34.Kxh2 Nf7 35.Kg3 Ng5 36.Kg4 Ne4
37.Ra3 Rc8 38.Nh5 Rg8+ 39.Kf3 Rg5 40.Nf4 Nf5 41.Ne2 Nh4+  0-1

[Event "38th Olympiad"]
[Site "Dresden GER"]
[Date "2008.11.20"]
[Round "7"]
[White "Chandler,M"]
[Black "Nikolic,Pr"]
[Result "1-0"]
[WhiteElo "2515"]
[BlackElo "2669"]

1.e4 e5 2.Nf3 Nc6 3.Bb5 a6 4.Ba4 Nf6 5.O-O Be7 6.Re1 b5 7.Bb3 d6 8.c3 O-O
9.d4 Bg4 10.d5 Na5 11.Bc2 c6 12.h3 Bxf3 13.Qxf3 cxd5 14.exd5 Nc4 15.Nd2 Nb6
16.Nf1 Qc7 17.Ng3 g6 18.Bh6 Rfb8 19.Rad1 Ne8 20.Nf5 Bf8 21.Qg3 Ng7 22.Nxg7 Bxg7
23.Bxg7 Kxg7 24.h4 b4 25.Rd3 Re8 26.h5 e4 27.h6+ Kf8 28.Rd4 bxc3 29.bxc3 f5
30.Ba4 Nxa4 31.Rxa4 Re5 32.c4 Qf7 33.f4 Re7 34.Qc3 Kg8 35.Rb4 Qf8 36.Reb1 Rae8
37.Qe3 Qxh6 38.Rb6 Rc7 39.Rxd6 Rxc4 40.Rc6 Rxc6 41.dxc6 Qf8 42.Rb7 Qf6 43.Qb3+ Kf8
44.Qb4+ Kg8 45.Qc4+ Kf8 46.c7 Qa1+ 47.Kh2 Qe1 48.Qb4+  1-0

[Event "TCh-SLO"]
[Site "Murska Sobota SLO"]
[Date "2008.12.07"]
[Round "2"]
[White "Miladinovic,I"]
[Black "Nikolic,Pr"]
[Result "1/2-1/2"]
[WhiteElo "2572"]
[BlackElo "2669"]

1.d4 d5 2.Bf4 c5 3.e4 dxe4 4.d5 a6 5.Nc3 Nf6 6.Qd2 g6 7.O-O-O Bg7 8.d6 Nc6
9.dxe7 Qxd2+ 10.Bxd2 Bf5 11.h3 h5 12.Be3 Nd7 13.Nd5 Rc8 14.Ne2 Nxe7 15.Nec3 Nc6
16.Bf4  1/2-1/2

[Event "TCh-SLO"]
[Site "Murska Sobota SLO"]
[Date "2008.12.08"]
[Round "3"]
[White "Nikolic,Pr"]
[Black "Ruck,R1"]
[Result "1/2-1/2"]
[WhiteElo "2669"]
[BlackElo "2574"]

1.d4 Nf6 2.c4 g6 3.Nf3 Bg7 4.g3 d5 5.Nbd2 O-O 6.Bg2 c6 7.O-O a5 8.b3 Ne4
9.e3 Bf5 10.Bb2 a4 11.Nxe4 Bxe4 12.Qe2 Qb6 13.Bc3  1/2-1/2

[Event "TCh-SLO"]
[Site "Murska Sobota SLO"]
[Date "2008.12.10"]
[Round "5"]
[White "Volokitin,And"]
[Black "Nikolic,Pr"]
[Result "1-0"]
[WhiteElo "2659"]
[BlackElo "2669"]

1.e4 e6 2.d4 d5 3.Nc3 Bb4 4.e5 c5 5.a3 Bxc3+ 6.bxc3 Qa5 7.Bd2 Qa4 8.Qb1 c4
9.Nh3 Nc6 10.Nf4 Nge7 11.Nh5 Rg8 12.g3 Bd7 13.Bh3 O-O-O 14.O-O Kb8 15.Qb2 Ka8
16.Rae1 Rc8 17.Kh1 h6 18.g4 Nd8 19.f4 g6 20.Nf6 Rh8 21.Rb1 Rc7 22.Bg2 Bc8
23.Qb5 Qxb5 24.Rxb5 Rc6 25.Bc1 Ra6 26.Rf3 Ndc6 27.Rh3 Nb8 28.f5 exf5 29.Nxd5 Nxd5
30.Bxd5 fxg4 31.Rxh6 Rxh6 32.Bxh6 Rxa3 33.Bxf7 Rxc3 34.e6 Rxc2 35.Rc5 Nc6
36.d5 Re2 37.Bf8  1-0

[Event "TCh-SLO"]
[Site "Murska Sobota SLO"]
[Date "2008.12.11"]
[Round "6"]
[White "Nikolic,Pr"]
[Black "Gyimesi,Z"]
[Result "1/2-1/2"]
[WhiteElo "2669"]
[BlackElo "2592"]

1.d4 Nf6 2.c4 e6 3.Nf3 d5 4.Nc3 Bb4 5.cxd5 exd5 6.Bg5 h6 7.Bxf6 Qxf6 8.e3 O-O
9.Qb3 Qb6 10.a3 Bxc3+ 11.Qxc3 Bf5 12.Bd3 Bxd3 13.Qxd3 Nd7 14.b4 Qd6 15.O-O c6
16.a4 Rfc8 17.Rfc1 a5 18.b5 c5 19.dxc5 Rxc5 20.Rxc5 Nxc5 21.Qc2 Re8 22.Rd1 Re4
23.Nd4 b6 24.g3 g6 25.Kg2 h5 26.h4 Kh7 27.Rd2 Kg8 28.Qd1 Qf6 29.Ra2 Kg7  1/2-1/2

[Event "Bundesliga 2008-9"]
[Site "Wattenscheid GER"]
[Date "2008.12.13"]
[Round "8"]
[White "Nikolic,Pr"]
[Black "Bobras,P"]
[Result "1/2-1/2"]
[WhiteElo "2669"]
[BlackElo "2565"]

1.d4 Nf6 2.Nf3 g6 3.g3 Bg7 4.Bg2 d5 5.O-O O-O 6.c4 dxc4 7.Na3 c3 8.bxc3 c5
9.Qb3 Be6 10.Qxb7 Bd5 11.Qb5 Nc6 12.e3 Rb8 13.Qe2 Qa5 14.Bb2 Be4 15.Nc4 Qa6
16.Rfe1 Rfc8 17.Rac1 cxd4 18.cxd4 Nb4 19.Nfe5 Nxa2 20.Ra1 Bxg2 21.Kxg2 Qb7+
22.e4 Nxe4 23.Qxe4 Bxe5 24.dxe5 Rxc4 25.Qxb7 Rxb7 26.Rxa2 Rc2 27.Rb1 Rb6
28.g4 e6 29.g5 Kg7 30.Kg3 Rb3+ 31.f3 Rb6 32.h3 Re2 33.h4 Rc2 34.Rxa7 Rbxb2
35.Rxb2 Rxb2  1/2-1/2

[Event "TCh-BEL 2008-9"]
[Site "Belgium BEL"]
[Date "2009.01.18"]
[Round "7"]
[White "Dutreeuw,M"]
[Black "Nikolic,Pr"]
[Result "1/2-1/2"]
[WhiteElo "2388"]
[BlackElo "2669"]

1.e4 e5 2.Nf3 Nc6 3.Bb5 a6 4.Ba4 Nf6 5.O-O Be7 6.d3 b5 7.Bb3 d6 8.a4 Bd7
9.c3 O-O 10.Nbd2 Na5 11.Bc2 c5 12.Re1 Nc6 13.Nf1 h6 14.Ne3 Re8 15.h3 Bf8
16.Nh2 Be6 17.Nhg4 Nd7 18.axb5 axb5 19.Rxa8 Qxa8 20.Nd5 Bxd5 21.exd5 Ne7
22.Nxh6+ gxh6 23.Qg4+ Ng6 24.Qxd7 Rb8 25.d4 cxd4 26.cxd4 Qa5 27.Kf1 Qb4 28.Bxg6 fxg6
29.dxe5 dxe5 30.Qe6+ Kh7 31.Qxe5 Qc4+ 32.Kg1 Rd8 33.Rd1 Bg7 34.Qe6 Qb3 35.Rd2 Qc4
36.Rd1 Qb3 37.Rd2 Qc4 38.Rd1  1/2-1/2

[Event "Bundesliga 2008-9"]
[Site "Berlin GER"]
[Date "2009.01.31"]
[Round "10"]
[White "Nikolic,Pr"]
[Black "Markos,J"]
[Result "1-0"]
[WhiteElo "2669"]
[BlackElo "2557"]

1.d4 Nf6 2.c4 g6 3.Nf3 Bg7 4.g3 O-O 5.Bg2 c6 6.O-O d5 7.b3 dxc4 8.bxc4 c5
9.Bb2 cxd4 10.Nxd4 Qb6 11.Qb3 Nbd7 12.Nd2 Nc5 13.Qa3 e5 14.N4b3 Nfd7 15.Bc3 Nxb3
16.Nxb3 Qe6 17.c5 e4 18.Bxg7 Kxg7 19.Rac1 Nf6 20.Rfd1 Qe5 21.Na5 Bg4 22.Nxb7 Bxe2
23.Re1 Bb5 24.c6 Rac8 25.Qa5 Ng4 26.Bxe4 Bxc6 27.Rxc6 Rxc6 28.Bxc6 Qf6 29.Qc5 Rc8
30.Nd6  1-0

[Event "Bundesliga 2008-9"]
[Site "Berlin GER"]
[Date "2009.02.01"]
[Round "11"]
[White "Baramidze,D"]
[Black "Nikolic,Pr"]
[Result "1/2-1/2"]
[WhiteElo "2557"]
[BlackElo "2669"]

1.e4 e5 2.Nf3 Nc6 3.Bb5 a6 4.Ba4 Nf6 5.O-O Be7 6.Re1 b5 7.Bb3 d6 8.c3 O-O
9.h3 Re8 10.Ng5 Rf8 11.Nf3 Re8 12.d4 Bb7 13.Nbd2 Bf8 14.Bc2 g6 15.d5 Nb8
16.Nf1 Nbd7 17.b3 c6 18.c4 a5 19.Be3 Rc8 20.Ng3 Nc5 21.Qd2 bxc4 22.bxc4 Nfd7
23.Rec1 Ba6  1/2-1/2

[Event "69th Noteboom Mem GpA"]
[Site "Leiden NED"]
[Date "2009.02.20"]
[Round "1"]
[White "Pijpers,A"]
[Black "Nikolic,Pr"]
[Result "0-1"]
[WhiteElo "2150"]
[BlackElo "2623"]

1.e4 d6 2.d4 g6 3.Nc3 Bg7 4.Be3 c6 5.Qd2 b5 6.h4 h5 7.f3 Nd7 8.Nh3 Nb6 9.Ng5 Nc4
10.Bxc4 bxc4 11.Ne2 Nf6 12.O-O-O Rb8 13.Qc3 Qb6 14.Qxc4 Qxb2+ 15.Kd2 Qb4+
16.Qxb4 Rxb4 17.Rb1 Rxb1 18.Rxb1 Nd7 19.c3 Nb6 20.Kc2 O-O 21.Nf4 Ba6 22.Nd3 Nc4
23.Bc1 Bb5 24.Kd1 a6 25.Ke2 c5 26.Be3 Rc8 27.Nh3 Na3 28.Rb2 cxd4 29.cxd4 Nc2
30.e5 dxe5 31.dxe5 Rc3 32.Nf2 Nxe3 33.Kxe3 Bxe5 34.Rb4 Bg3 35.Kd2 Ra3  0-1

[Event "69th Noteboom Mem GpA"]
[Site "Leiden NED"]
[Date "2009.02.21"]
[Round "2"]
[White "Nikolic,Pr"]
[Black "Van de Peut,A"]
[Result "1-0"]
[WhiteElo "2623"]
[BlackElo "1993"]

1.d4 e6 2.c4 Nf6 3.Nf3 b6 4.g3 Bb7 5.Bg2 Be7 6.d5 exd5 7.Nh4 Na6 8.cxd5 Nc5
9.Nc3 O-O 10.b4 Na6 11.d6  1-0

[Event "69th Noteboom Mem GpA"]
[Site "Leiden NED"]
[Date "2009.02.21"]
[Round "3"]
[White "Van Ketel,R"]
[Black "Nikolic,Pr"]
[Result "0-1"]
[WhiteElo "2287"]
[BlackElo "2623"]

1.d4 f5 2.Bg5 g6 3.Nd2 Bg7 4.e3 d6 5.Bc4 h6 6.Bh4 Nf6 7.c3 e6 8.Ne2 Qe7 9.Nf4 Qf7
10.Bxf6 Qxf6 11.Qb3 d5 12.Be2 Nd7 13.Nd3 Bf8 14.f4 b6 15.Qa4 Bd6 16.Nf3 O-O
17.O-O-O Qg7 18.h3 Nf6 19.Rdg1 Bd7 20.Qb3 c5 21.Nde5 cxd4 22.exd4 Nh5 23.g3 Kh7
24.Qd1 Be8 25.Qe1 b5 26.Kb1 Qe7 27.Bd3 a5 28.Rh2 Ra7 29.Re2 Qd8 30.Qd2 Nf6
31.g4 Ne4 32.Qe3 Rg7 33.Rh2 b4 34.c4 a4 35.c5 Bxe5 36.Nxe5 a3 37.Bxe4 fxe4
38.b3 Bb5 39.Kc1 g5 40.fxg5 Qxg5 41.Qxg5 Rxg5 42.h4 Rxe5 43.dxe5 e3 44.g5 d4
45.gxh6 Rc8 46.Rhg2 Bd3 47.Kd1 Rxc5 48.Rg4 Rc2 49.R4g2 Rb2  0-1

[Event "69th Noteboom Mem GpA"]
[Site "Leiden NED"]
[Date "2009.02.21"]
[Round "4"]
[White "Nikolic,Pr"]
[Black "Solodovnichenko,Y"]
[Result "1/2-1/2"]
[WhiteElo "2623"]
[BlackElo "2571"]

1.d4 Nf6 2.c4 c6 3.Nc3 d5 4.cxd5 cxd5 5.Bf4 Nc6 6.e3 Bf5 7.Bd3 Bxd3 8.Qxd3 e6
9.Nge2 Bd6 10.O-O O-O 11.Rac1 Rc8 12.h3 h6 13.Rfd1  1/2-1/2

[Event "69th Noteboom Mem GpA"]
[Site "Leiden NED"]
[Date "2009.02.22"]
[Round "6"]
[White "Nikolic,Pr"]
[Black "Burg,T"]
[Result "1-0"]
[WhiteElo "2623"]
[BlackElo "2389"]

1.d4 Nf6 2.c4 g6 3.Nf3 Bg7 4.g3 O-O 5.Bg2 d6 6.O-O c5 7.d5 b5 8.cxb5 a6 9.bxa6 Bf5
10.Nh4 Be4 11.Nc3 Bxg2 12.Nxg2 Rxa6 13.Qc2 Nbd7 14.Rb1 Qa8 15.Rd1 Nb6 16.Ne3 Na4
17.a3 Rb8 18.Nxa4 Rxa4 19.b3 Rd4 20.Bb2 Rxd1+ 21.Rxd1 Qb7 22.Rd3 h5 23.h4 Qd7
24.Kg2 Qb7 25.Bxf6 Bxf6 26.Qc4 Qd7 27.Nc2 Qf5 28.b4 cxb4 29.Nxb4 Qd7 30.Nc6 Rb1
31.Rb3 Ra1 32.a4 Kg7 33.a5 Qc8 34.Rb4 Ra3 35.Qe4 Qa6 36.Rb6 Qa8 37.a6 Ra1
38.Qd3  1-0

[Event "Bundesliga 2008-9"]
[Site "Solingen GER"]
[Date "2009.02.28"]
[Round "12"]
[White "Nikolic,Pr"]
[Black "Shengelia,D"]
[Result "0-1"]
[WhiteElo "2669"]
[BlackElo "2547"]

1.d4 Nf6 2.c4 e6 3.Nf3 d5 4.Bg5 Be7 5.e3 O-O 6.Nc3 h6 7.Bxf6 Bxf6 8.Rc1 c6
9.a3 Nd7 10.h3 Re8 11.Be2 a6 12.O-O b5 13.cxd5 cxd5 14.Ne1 Bb7 15.Nd3 e5
16.dxe5 Nxe5 17.Nb4 Nc4 18.b3 Nb2 19.Qd2 d4 20.exd4 Bxd4 21.Bg4 a5 22.Nc2 Bb6
23.Qxd8 Raxd8 24.Nxb5 Rd2 25.Ne1 g6 26.a4 h5 27.Bf3 Nd3 28.Nxd3 Bxf3 29.Nc5 Be2
30.Rfe1 Bxb5 31.Ne4 Rxe4 32.Rxe4 Bxf2+ 33.Kh1 Bd7 34.b4 axb4 35.Rxb4 Ra2
36.Rb7 Be6 37.Rb4 h4  0-1

[Event "Bundesliga 2008-9"]
[Site "Solingen GER"]
[Date "2009.03.01"]
[Round "13"]
[White "Roos,M GER"]
[Black "Nikolic,Pr"]
[Result "0-1"]
[WhiteElo "2367"]
[BlackElo "2669"]

1.Nf3 d5 2.d4 Nf6 3.c4 dxc4 4.e3 Bg4 5.Bxc4 e6 6.O-O a6 7.Nc3 Nc6 8.Be2 Bd6
9.Kh1 O-O 10.e4 Bb4 11.e5 Nd5 12.Ne4 Nde7 13.Bg5 Qd5 14.Nc3 Qd7 15.a3 Ba5
16.Ne4 Bb6 17.Nc5 Bxc5 18.dxc5 Qxd1 19.Raxd1 Ng6 20.h3 Bxf3 21.Bxf3 Ngxe5
22.Be4 f5 23.Bxc6 Nxc6 24.f4 Rf7 25.Rfe1 Re8 26.Re3 h6 27.Bh4 e5 28.Rb3 exf4
29.Rxb7 Kh7 30.Be1 Re5 31.b4 Rfe7 32.Bc3 Re3 33.Rc1 f3 34.gxf3 Rxf3 35.Kg2 Rd3
36.a4 Nd8 37.c6 Nxc6 38.b5 axb5 39.axb5 Nd8 40.Ra7 Ne6 41.Be5 Rd5  0-1

[Event "10th EICC"]
[Site "Budva MNE"]
[Date "2009.03.10"]
[Round "5"]
[White "Nikolic,Pr"]
[Black "Szabo,Krisz1"]
[Result "1-0"]
[WhiteElo "2623"]
[BlackElo "2508"]

1.Nf3 Nf6 2.g3 d5 3.Bg2 e6 4.c4 Be7 5.O-O O-O 6.b3 d4 7.e3 c5 8.exd4 cxd4
9.Re1 Nc6 10.d3 Nd7 11.Na3 e5 12.Nc2 a5 13.a3 f6 14.Rb1 Nc5 15.b4 axb4 16.axb4 Na4
17.Bd2 Bf5 18.b5 Nb8 19.Nfxd4 exd4 20.Bxb7 Ra7 21.Bd5+ Kh8 22.Nxd4 Bxd3 23.Ne6 Qc8
24.Ra1 Bxc4 25.Qg4 Bb4 26.Bxb4 Bxd5 27.Bxf8 Bxe6 28.Rxe6  1-0

[Event "10th EICC"]
[Site "Budva MNE"]
[Date "2009.03.11"]
[Round "6"]
[White "Prohaszka,P2"]
[Black "Nikolic,Pr"]
[Result "1/2-1/2"]
[WhiteElo "2512"]
[BlackElo "2623"]

1.d4 d6 2.Nf3 f5 3.g3 Nf6 4.Bg2 g6 5.b3 Bg7 6.Bb2 O-O 7.O-O Na6 8.Nbd2 c6
9.Re1 Ne4 10.e3 Nc7 11.c4  1/2-1/2

[Event "10th EICC"]
[Site "Budva MNE"]
[Date "2009.03.12"]
[Round "7"]
[White "Nikolic,Pr"]
[Black "Brkic,A"]
[Result "1/2-1/2"]
[WhiteElo "2623"]
[BlackElo "2550"]

1.d4 Nf6 2.Nf3 g6 3.g3 Bg7 4.Bg2 d5 5.O-O O-O 6.c4 dxc4 7.Na3 c3 8.bxc3 c5
9.Ne5 Nc6 10.Nxc6 bxc6 11.Nc4 Nd5 12.Bb2 Ba6 13.Ne5 Bxe5 14.dxe5 Qc7 15.Qc2 Nb6
16.Bc1 Qxe5 17.Bxc6 Rac8 18.Bf3 Bc4 19.Rd1 Qe6 20.Bh6 Rfd8 21.Rd2 f6 22.Rad1 Rxd2
23.Rxd2 Kf7 24.h4 Bd5 25.Kg2 Bxf3+ 26.exf3 Nc4 27.Re2 Qd5 28.Qb3 Rd8 29.Re4 Nb6
30.Qb5 Rd7 31.a4 Rb7 32.a5 Nc8 33.Qa4 Nd6 34.a6 Rc7 35.Re1 Qc4 36.Qa5 Rd7
37.Be3 Nf5 38.Qxc5 Qxa6 39.h5 Qd3 40.hxg6+ hxg6 41.Qc8 Rd8 42.Qc7 Rd7 43.Qc8 Rd8
44.Qc7  1/2-1/2

[Event "10th EICC"]
[Site "Budva MNE"]
[Date "2009.03.15"]
[Round "9"]
[White "Nikolic,Pr"]
[Black "Popov,Iv RUS"]
[Result "1/2-1/2"]
[WhiteElo "2623"]
[BlackElo "2541"]

1.Nf3 Nf6 2.g3 b5 3.Bg2 Bb7 4.O-O e6 5.d4 c5 6.c3 d5 7.a4 b4 8.c4 dxc4 9.dxc5 Nbd7
10.Nbd2 Bd5 11.c6 Nc5 12.Ne5 Bxg2 13.Kxg2 Qd5+ 14.Ndf3 Nfe4 15.Qxd5 exd5
16.Rd1 Nb3 17.Rb1 c3 18.bxc3 Nxc3 19.Rxb3 Nxd1 20.Nd7 Nc3 21.Nd4 Rc8 22.Bd2 Ne4
23.Bxb4 Bxb4 24.Rxb4 Nd6 25.a5 Rxc6 26.Nf6+ gxf6 27.Nxc6 Kd7 28.Nb8+ Ke6
29.Nc6 Kd7 30.Nb8+ Ke6 31.Nc6  1/2-1/2

[Event "10th EICC"]
[Site "Budva MNE"]
[Date "2009.03.16"]
[Round "10"]
[White "Dobrov,V"]
[Black "Nikolic,Pr"]
[Result "0-1"]
[WhiteElo "2510"]
[BlackElo "2623"]

1.e4 d6 2.d4 Nf6 3.Nc3 g6 4.Bg5 Bg7 5.Qd2 c6 6.f4 b5 7.Bd3 O-O 8.Nf3 d5 9.e5 Nh5
10.Ne2 f6 11.Bh4 Bh6 12.O-O Ng7 13.h3 Nd7 14.Nh2 fxe5 15.Ng4 Bxf4 16.Nxf4 exf4
17.Rae1 Nf6 18.Nh6+ Kh8 19.Qxf4 Be6 20.Qg5 a6 21.Bg3 Nd7 22.h4 Rxf1+ 23.Rxf1 Qe8
24.Rf3 Rc8 25.b4 Ra8 26.a3 a5 27.Kh2 axb4 28.axb4 Ra1 29.Re3 Qf8 30.Rf3 Qe8
31.Bf4 Rd1 32.g4 Qf8 33.Kg2 Qf6 34.Be3 Qxg5 35.Bxg5 Ne8 36.Re3 Ng7 37.Bxe7 Ra1
38.g5 Ra8 39.Bf6 Re8 40.h5 Nxf6 41.gxf6 Nxh5 42.f7 Rf8 43.Be2 Nf4+ 44.Kf3  0-1

[Event "10th EICC"]
[Site "Budva MNE"]
[Date "2009.03.17"]
[Round "11"]
[White "Nikolic,Pr"]
[Black "Maze,S"]
[Result "1/2-1/2"]
[WhiteElo "2623"]
[BlackElo "2579"]

1.d4 Nf6 2.c4 e6 3.Nf3 c5 4.d5 d6 5.Nc3 exd5 6.cxd5 g6 7.g3 Bg7 8.Bg2 O-O
9.O-O Nbd7 10.a4 Ne8 11.Rb1 h6 12.Bd2 Nc7 13.b4 cxb4 14.Rxb4 Na6 15.Rb1 Ndc5
16.Nb5 Nc7 17.Ba5 b6 18.Bc3 Nxb5 19.Bxg7 Kxg7 20.axb5 Bf5 21.Rb4 Be4 22.Nd4 Bxg2
23.Kxg2 Re8 24.e3 Re4 25.Nc6 Qf6 26.Qf3 Rxb4 27.Qxf6+ Kxf6 28.Nxb4 a5 29.bxa6 Nxa6
30.Ra1 Nc7 31.Rxa8 Nxa8 32.f4 Ke7 33.e4 f6 34.Kf3 Nc7 35.Ke3 Kd7 36.Kd3 Ke7
37.Kd4 Nb5+ 38.Kc4 Nc7 39.Nc6+ Kd7 40.e5 fxe5 41.fxe5  1/2-1/2